[Event "ISR-chT"]
[Site "Ramat Aviv"]
[Date "2000.04.28"]
[Round "9.1"]
[White "Kudischewitsch, David"]
[Black "Zilberman, Yaacov"]
[Result "0-1"]
[WhiteElo "2407"]
[BlackElo "2505"]
[Annotator "Tsesarsky,I"]
[PlyCount "82"]
[EventDate "2000.01.14"]
[EventType "team"]
[EventRounds "11"]
[EventCountry "ISR"]
[SourceTitle "CBM 077"]
[Source "ChessBase"]
[SourceDate "2000.07.27"]
[SourceVersion "1"]
[SourceVersionDate "2000.07.27"]
[SourceQuality "1"]
[WhiteTeam "Netanya"]
[BlackTeam "Herzliya"]
[WhiteTeamCountry "ISR"]
[BlackTeamCountry "ISR"]

{[%mdl 704]} 1. d4 d5 2. Bg5 f6 3. Bc1 $6 $15 {White make for Black dear gift
- 2 tempi including f7-f6...} (3. Bf4 {-mainline}) (3. Bh4 {-mainline}) 3... c5
4. c4 $5 Nc6 $6 $11 (4... cxd4 5. Qxd4 dxc4 6. Qxc4 e5 7. e4 $11) ({Better is} 
4... dxc4 $1 5. e3 (5. d5 b5 6. e4 e6 7. Nc3 b4 $15) 5... cxd4 6. exd4 Nc6 7.
Nf3 (7. d5 Ne5 8. f4 Nd3+ 9. Bxd3 cxd3 10. Qxd3 e6 11. Nc3 exd5 $15) 7... Bg4
8. d5 Qa5+ (8... Ne5 9. Qa4+ Bd7 10. Qd1 Qa5+ 11. Nc3 Bg4 $15) 9. Nc3 Ne5 $15)
5. e4 $2 $17 {Unnecessary P sacrifice. Kudishewitsch wants to complicate and
to confuse the game at any cost...} ({Better is naturally} 5. cxd5 Qxd5 6. dxc5
Qxc5 7. Nc3 $11) 5... dxe4 6. d5 Nd4 7. Nc3 f5 (7... Bf5 $2 8. Nge2 e5 9. Ng3
$132 {[%csl Re4,Rf5]}) 8. f3 $5 Nf6 9. fxe4 fxe4 10. Nge2 (10. Be3 Qb6 11. Qd2
Bd7 12. Nge2 Nf5 13. Bf4 Rd8 $17) 10... Bg4 $2 $14 {Serious mistake. Zilberman
plays well standard positions.} ({Good was} 10... Qb6 $1 11. Ng3 Bg4 12. Qa4+
Bd7 13. Qd1 Qb4 $17 {[%csl Ge4][%cal Gb4f1]}) 11. h3 (11. Be3 e5 (11... e6 12.
Qa4+ Qd7 13. Qxd7+ Kxd7 14. Nxd4 exd5 $132 (14... cxd4 15. Bxd4 exd5 16. cxd5
Bb4 17. Bb5+ $14) 15. cxd5 cxd4 16. Bxd4 $14) 12. h3 Bh5 (12... Bd7 13. Qd2 Bd6
14. Ng3 O-O 15. O-O-O $14 {[%csl Re4]}) 13. Qa4+ Qd7 14. Qxd7+ Kxd7 15. O-O-O
$14 {[%csl Yd5,Re4,Re5]}) 11... Bh5 12. g4 $5 {Non-standard strategy
continuation. White permit to Black Nf3+...} (12. Be3 e5 13. Qa4+ Qd7 14. Qxd7+
Kxd7 15. O-O-O Bxe2 16. Bxe2 Nxe2+ 17. Nxe2 Bd6 18. Nc3 $14 {[%csl Gd5,Re4,Re5]
}) 12... Nf3+ {[%csl Re1]} 13. Kf2 Bg6 (13... Bf7 14. g5 Nd7 15. Nxe4 Nfe5 16.
Nf4 $14) 14. Nf4 Bf7 15. Nxe4 $1 Nxe4+ 16. Kxf3 {Despite of dubious White K
position in the centre, White have advantage! Remember Wilhelm Steinitz...} Nd6
(16... Nf6 17. Qa4+ Qd7 18. Qxd7+ Nxd7 19. Be3 $16) 17. b4 $6 {Following the
same unexpected and chaotic style...} ({Simply and good was to try to change
QQ:} 17. Qa4+ Qd7 (17... b5 $6 18. cxb5 Qd7 19. Kf2 $1 {Very good move -
keeping advantage} (19. Kg2 a6 20. Be2 Nxb5 21. Rd1 Nd4 22. Qxd7+ Kxd7 23. Bc4
$14) (19. Qa6 Rb8 (19... g5 20. Ne6 Rc8 21. Kf2 Bxe6 22. dxe6 Qxe6 23. Bg2 Bg7
24. Bc6+ Kd8 25. Qa5+ Rc7 26. Re1 $132) 20. Qc6 (20. a4 g5 $17 {[%csl Rd5]})
20... Nxb5 21. Qxc5 g5 22. Ne6 Bxe6 23. dxe6 Nd4+ 24. Kg2 Nxe6 25. Qe5 {
[%cal Ge5b8]} Qc6+ 26. Kh2 Qd6 27. Qxd6 exd6 28. Bc4 Nf4 29. Re1+ Kd7 30. a4 $1
$14 {[%cal Gc4b5]}) 19... a6 20. Ne6 $1 c4 (20... Bxe6 21. dxe6 Qxe6 22. bxa6+
$18) (20... Nxb5 21. Bxb5 $18) 21. Bg2 Nxb5 22. Re1 $18 {[%csl Re8,Rf8]}) 18.
Qxd7+ Kxd7 19. Be3 $16) 17... g5 $2 $18 {Black total confused and put mistake
after mistake...} (17... Rc8 $5 18. bxc5 Rxc5 19. Qa4+ b5 20. cxb5 Qd7 21. Qd4
$16) 18. Bb2 $2 (18. bxc5 $1 gxf4 19. cxd6 exd6 20. Bxf4 (20. Rb1 b6 21. Bd3
Bg7 22. Re1+ Be5 23. Qa4+ Kf8 24. Bxf4 Bxf4 25. Kxf4 Qh4 26. Qc2 h5 $132) 20...
Qf6 21. Bd3 Bh6 22. Re1+ Kd8 23. Bf5 Bxf4 24. Qa4 $18) 18... Rg8 19. Ne6 $2 $14
({Right was} 19. bxc5 $1 gxf4 20. cxd6 Qxd6 21. Qa4+ Kd8 22. Re1 $16) 19...
Bxe6 20. dxe6 Qc7 21. Qa4+ b5 $4 $18 {This mistake is not a last...} ({Of
course, better was} 21... Qc6+ 22. Qxc6+ bxc6 23. bxc5 Nb7 24. Ba3 (24. Bd3 Bg7
25. Be4 O-O-O (25... Rc8 $2 26. Bxg7 Rxg7 27. Rab1 Nxc5 28. Bxc6+ $1 $18) 26.
Bxg7 Rxg7 27. Rad1 Nxc5 28. Bxc6 Nxe6 29. Rxd8+ Kxd8 30. Rd1+ Kc7 $132) 24...
Bg7 25. Rb1 Nd8 26. Bg2 Nxe6 27. Rhe1 (27. Ke3 Bd4+ 28. Kd2 Rc8 $132) 27...
Rf8+ 28. Kg3 Nd8 $14) 22. cxb5 Qb7+ 23. Kf2 $1 O-O-O (23... Ne4+ 24. Ke3 $18) (
23... Qxh1 24. b6+ $18 {[%csl Rd7]}) 24. bxc5 $1 {good move!} ({Bad was} 24.
Bg2 $2 Ne4+ $1 (24... Qxb5 25. Qxa7 Qxb4 26. Qa8+ Kc7 27. Qc6+ Kb8 28. Bc3 Qf4+
29. Bf3 $18) 25. Ke1 $1 (25. Kg1 Rd2 26. Qa6 Qxa6 27. bxa6 Rxb2 28. Bxe4 Rxb4
$11) 25... Qd5 26. Qc2 (26. Rd1 Qxd1+ 27. Qxd1 Rxd1+ 28. Kxd1 Nf2+ 29. Ke2 Nxh1
30. bxc5 Rg6 31. Bxh1 Rxe6+ $44) 26... Rg6 27. Kf1 Rxe6 28. Bxe4 Rxe4 29. Qxc5+
Qxc5 30. bxc5 Rb4 31. Rh2 Rxb5 32. Rc1 $11) 24... Ne4+ (24... Qxh1 25. Bg2 Qh2
(25... Ne4+ 26. Qxe4 Rd2+ 27. Kg3 Qxg2+ 28. Qxg2 Rxg2+ 29. Kxg2 $18) 26. Qa6+
Kb8 27. cxd6 Qf4+ 28. Kg1 Qe3+ 29. Kh1 Qb6 30. d7 $18) 25. Ke3 (25. Kg1 $1 Nxc5
(25... Rd2 26. b6 Nxc5 27. Rc1 $18 {[%csl Rc5][%cal Gf1a6]}) 26. Rc1 $18) 25...
Ng3 (25... Nxc5 26. Rc1 Qc7 (26... Qxh1 27. Rxc5+ Kb8 28. Be5+ Rd6 29. b6 $1
$18) 27. Qb4 Qg3+ 28. Ke2 Qd3+ 29. Kf2 Qd2+ 30. Qxd2 Rxd2+ 31. Ke3 (31. Be2
Rxb2 32. Rxc5+ Kb8 33. Rd1 Bg7 34. Rxg5 Bd4+ 35. Rxd4 Rxg5 36. Kf3 $16) 31...
Rxb2 32. Rxc5+ Kb8 33. Bc4 Bg7 34. Rd1 Rh2 35. Rd7 Rxh3+ 36. Ke4 $18 {[%csl
Rb8][%cal Gc5c7]}) 26. b6 $4 $132 (26. Rg1 $1 Qd5 27. Qd4 (27. Rxg3 $4 Qd2+ 28.
Kf3 Bg7 29. Rg2 (29. Bxg7 Rgf8+ 30. Bxf8 Rxf8+ 31. Ke4 Rf4+ 32. Ke5 Rxa4 $19)
29... Qd5+ 30. Kg3 Bxb2 $19) 27... Qxe6+ 28. Qe5 Nxf1+ 29. Rgxf1 Qxe5+ 30. Bxe5
Rd5 31. Ke4 Rxc5 32. Rac1 $18) 26... Rg6 27. Qc4 (27. Kf2 $5 Nxf1 (27... Nxh1+
28. Kg1 $18 {[%cal Gf1a6,Gb2e5]}) 28. Raxf1 (28. Rhxf1 Rd2+ 29. Ke3 Rxe6+ 30.
Kxd2 Qg2+ 31. Kd3 Qe2+ 32. Kc3 Bg7+ $19) 28... Rxe6 29. Qc2 axb6 $132) 27...
Qxh1 ({After} 27... Nxh1 $1 $13 {position is very complicared, but despite of
R lack White try to win:} 28. Be5 $5 ({or} 28. bxa7 $5 Qxa7 (28... Ng3 $2 29.
Bg2 Qxa7 30. Rb1 Bg7 (30... Rd6 31. Bb7+ $3 Kd8 32. Bd5 Bg7 33. Bxg7 Rxg7 34.
Kd3 {[%csl Rd6][%cal Gc5d6] Unbelievable! White win with rook less!} Ra6 35.
Qd4 $18 {[%csl Rg7][%cal Gd4d8]}) 31. Bxg7 Rxg7 32. Bb7+ Kc7 33. Kf2 (33. Qc3
Nf1+ 34. Rxf1 Kxb7 $19) 33... Qa3 34. Rb3 Qxa2+ 35. Kxg3 Qa1 36. Qb4 Qe5+ 37.
Kf2 Qh2+ 38. Bg2 Rf8+ 39. Rf3 Rxf3+ 40. Kxf3 Qf4+ 41. Qxf4+ gxf4 42. Kxf4 Rg6
43. Bd5 $16) 29. Qa6+ (29. Bd3 Rxd3+ 30. Kxd3 $132) 29... Qxa6 30. Bxa6+ Kc7
31. Bc4 Nf2 32. Be5+ Kc6 33. Kxf2 Bg7 34. Bxg7 Rxg7 35. Rc1 Kxc5 36. Ke3 $44)
28... Ng3 (28... Bg7 29. Bxg7 Rxg7 30. Bd3 Ng3 31. Rb1 axb6 32. Rxb6 Qa8 33.
Qb5 Rxd3+ 34. Qxd3 Qa4 35. Qd5 Qf4+ 36. Kd3 Qf1+ 37. Kc2 $18) 29. Bxg3 Bg7 30.
c6 (30. Bc7 axb6 31. Bxd8 b5 32. Qxb5 Qxb5 33. Bxb5 Bxa1 34. Bb6 Rxe6+ 35. Kd2
Bd4 36. Kd3 Bf2 (36... Rxb6 37. cxb6 Bxb6 $11) 37. a4 Re3+ 38. Kc4 Rxh3 39. a5
Rh4 40. a6 Rxg4+ 41. Kd5 Rd4+ 42. Ke5 Rd6 43. cxd6 exd6+ 44. Kxd6 Bxb6 $11)
30... Qxb6+ 31. Kf3 {[%cal Gc4a6]} Rf6+ 32. Kg2 Rd2+ 33. Kh1 Rf4 34. Bxf4 gxf4
35. Rc1 Be5 $1 (35... Qf2 36. Qa6+ Kc7 37. Qa5+ Kd6 38. Qb4+ (38. Qc5+ $2 Qxc5
39. Rxc5 Kc7 $44) 38... Kxe6 39. Qe4+ Kf7 40. Bg2 Be5 41. Qxh7+ Kf8 42. Qf5+
Ke8 43. Rg1 f3 44. Qxe5 fxg2+ 45. Kh2 Rxa2 46. c7 Rc2 47. Qh8+ Kf7 48. Qh7+ $18
) 36. Rc2 (36. Qc5 Qxc5 37. Rxc5 Bd6 38. Rh5 f3 39. Rf5 Rxa2 40. Rxf3 Kc7 $44)
36... Rxc2 37. Qxc2 f3 $44) 28. c6 $4 $19 {[%mdl 8192]} (28. Be2 Qe4+ 29. Qxe4
Nxe4 30. bxa7 (30. Ba6+ Kb8 31. Kxe4 Rxe6+ 32. Kf5 Re3 $17) 30... Kb7 31. Bf3
Rxe6 32. Bxe4+ Kxa7 $44) 28... Nxf1+ $4 $16 (28... Qg1+ 29. Kf3 Qxb6 30. Qa6+
Qxa6 31. Bxa6+ Kc7 32. Be5+ Kxc6 33. Rc1+ Kd5 (33... Kb6 34. Bc7+ Kxa6 35. Bxd8
Rxe6 36. Kxg3 Re3+ $19) 34. Rd1+ Kxe5 35. Rxd8 Ne4 36. Rxf8 Rf6+ 37. Rxf6 Nxf6
$19) 29. Rxf1 Qxh3+ 30. Rf3 Rd3+ 31. Kxd3 $4 {A lot of mistakes in this game I
can explain: time pressure and complexity of this crazy game} ({Was keep
advantage} 31. Qxd3 Rxe6+ 32. Kd2 Qg2+ 33. Kd1 Qg1+ 34. Qf1 Rd6+ 35. Kc1 Rxc6+
36. Kb1 Qxf1+ 37. Rxf1 Bh6 38. bxa7 Kb7 39. Rf7 Kxa7 (39... Re6 40. Bd4 Re4 41.
Bc5 $18) 40. Rxe7+ Kb6 41. Rxh7 Bf8 42. Rf7 $16) 31... Qxf3+ 32. Kc2 Qf2+ 33.
Kd1 Qxb6 34. Bd4 Qc7 35. Be5 Qa5 36. Qb3 Qb6 37. Qd5 Qg1+ 38. Ke2 Qxg4+ 39. Kd2
Qxe6 40. Qb5 Qxc6 41. Qb8+ Kd7 0-1

[Event "RUS-Cup7"]
[Site "Kstovo"]
[Date "1997.05.05"]
[Round "5"]
[White "Kuporosov, Viktor"]
[Black "Skomorokhin, Roman"]
[Result "1-0"]
[WhiteElo "2500"]
[BlackElo "2475"]
[Annotator "Tyomkin,D"]
[PlyCount "73"]
[EventDate "1997.05.01"]
[EventType "swiss"]
[EventRounds "9"]
[EventCountry "RUS"]
[SourceTitle "CBM 059"]
[Source "ChessBase"]
[SourceDate "1997.08.01"]
[SourceVersion "1"]
[SourceVersionDate "1997.08.01"]
[SourceQuality "1"]

1. d4 d5 2. Bg5 c6 3. Nf3 Qb6 4. b3 Bg4 5. e3 $146 (5. c4 $6 {Tyomkin,D} Nd7 6.
Nc3 e6 7. c5 Qa5 8. Bd2 Qc7 9. e4 dxe4 10. Nxe4 Ngf6 11. Ng3 $2 (11. Bd3 $15)
11... g6 $2 (11... Bxf3 12. Qxf3 Bxc5 $1) 12. h3 $2 {Both sides were missing
this tacktical blow in the game Hodgson,J-San Segundo,P/Ubeda op 1996 and here
they agreed a draw} Bxf3 13. gxf3 (13. Qxf3 Bxc5 $1 $17 14. dxc5 $140 Qe5+)
13... Bg7 $17) 5... e6 6. Be2 Nd7 7. O-O f5 $6 ({after} 7... Ngf6 {black
equalizes without problems}) 8. Nbd2 Ngf6 9. Bxf6 $1 gxf6 (9... Nxf6 10. Ng5 $1
Bxe2 11. Qxe2 c5 12. c4 $1 h6 13. Ngf3 $36 {[%cal Gc4d5]}) 10. c4 $16 Qd8 11.
Ne1 Bxe2 12. Qxe2 Bd6 13. Nd3 Ke7 14. c5 Bc7 15. b4 {()} Qb8 16. Kh1 h5 {
[%cal Rc7h2]} 17. h3 (17. Z0 Bxh2 $140 18. g3 h4) 17... e5 $2 (17... a6 $142
$16) 18. b5 Qc8 19. Rab1 a5 $6 20. f3 $1 {[%csl Re7][%cal Ye3e4]} Qg8 21. b6 $1
Bb8 {[%csl Ra8,Rb8]} 22. e4 Kd8 (22... dxe4 23. fxe4 exd4 24. exf5+ Be5 25. Nf3
$16 {/+-}) 23. dxe5 fxe5 (23... Nxe5 24. exd5 (24. Rbd1 $6 Qg3 {[%cal Yb8h2]})
24... Qxd5 25. Nb3 Nxd3 26. Rbd1 Kc8 27. Rxd3 Qe5 28. Qxe5 fxe5 29. a4 $16 {/+-
}) 24. a4 $18 {[%csl Ra8,Rb8]} h4 25. Rbd1 Kc8 26. Rfe1 Qf8 27. Rc1 Qf7 28. Nf1
$1 {[%cal Gf1e3] decisive manouevre of the khight} Rg8 29. Ne3 fxe4 30. fxe4
dxe4 31. Nf2 Nf6 32. Neg4 e3 (32... Qg6 33. Qc4 {[%cal Gc4e6]} Nd5 34. Nxe4 $18
) 33. Qxe3 Qg6 34. Qf3 Nd5 (34... Nd7 35. Ne4 $18 {and black cann't move}) 35.
Nxe5 Qg5 (35... Bxe5 36. Rxe5 Nf4 37. Rce1 $18 Nxg2 $140 38. Re6 {[%cal Ge6e8]}
) 36. Nfd3 Ne7 $4 {[%tqu "En","enter a last move of this game","","","e5f7","",
5]} 37. Nf7 {[%csl Re7]} 1-0

[Event "Quebec op"]
[Site "Montreal"]
[Date "2000.07.23"]
[Round "3"]
[White "Miladinovic, Igor"]
[Black "Tyomkin, Dimitri"]
[Result "1/2-1/2"]
[WhiteElo "2563"]
[BlackElo "2522"]
[Annotator "Tyomkin,D"]
[PlyCount "103"]
[EventDate "2000.07.22"]
[EventType "swiss"]
[EventRounds "9"]
[EventCountry "CAN"]
[SourceTitle "CBM 078"]
[Source "ChessBase"]
[SourceDate "2000.10.18"]
[SourceVersion "1"]
[SourceVersionDate "2000.10.18"]
[SourceQuality "1"]

1. d4 d5 2. Bg5 c6 3. c3 Qb6 4. Qb3 Bf5 5. Nf3 h6 (5... Nd7 6. Nbd2 h6 7. Bh4
Ngf6 8. e3 e6 9. Be2 Bd6 10. O-O O-O 11. Bg3 Be7 $11 {1/2-1/2 Willemze,J-Ernst,
S/Leiden 1997/EXT 98 (22)}) 6. Bh4 Nd7 7. e3 Ngf6 8. Be2 e6 9. O-O Bd6 10. c4
dxc4 $6 {probably I found only way, where white has chances for advantage.} (
10... Qxb3 11. axb3 g5 (11... Bxb1 $5 12. Rfxb1 g5 13. Bg3 Bxg3 14. hxg3 Ne4
15. Bd3 f5 {black is ok.}) 12. Bg3 Bxg3 13. hxg3 Ne4 {black has comfortable
play.}) (10... O-O 11. c5 Qxb3 12. axb3 Bc7 $11 {[%cal Ga7a6,Ya8e8,Ye6e5] this
ending should be equal. Black can put pieces like a7-a6, then Ra8-e8 and e6-e5.
}) 11. Bxc4 Qxb3 12. Bxb3 Ne4 13. Nc3 g5 14. Nxe4 Bxe4 15. Bg3 Bxg3 16. hxg3
Ke7 17. Nd2 Bd3 $6 (17... Bd5 18. Rfc1 (18. Ba4 {[%cal Re3e4] during the game
I was warried of this move, but black just leads c6-c5 in that case,solving
all problems.} b5 19. Bc2 c5 $11) (18. Bc2 {[%cal Re3e4]} c5 $11) 18... Bxb3
19. Nxb3 {white still create some pressure on the queenside by Na5 and
b2-b4-b5, but it doesn't look like black has serious problems in this ending.})
18. Rfc1 h5 19. Rc3 Bg6 (19... Ba6 {was possible too, and probably better,
because in forthcoming stage of the game the bishop is in out of play, which
develops on the queenside.}) 20. a4 Nf6 21. f3 h4 22. g4 Nd5 (22... Rhd8 23. a5
Rac8 {[%cal Rc6c5]} 24. Rc5 Nd5 25. Bxd5 $14) 23. Bxd5 exd5 24. Nb3 $14 {
White has got perspectives on the queenside, and black should stay in defense
fo a while.} Rac8 25. e4 dxe4 26. fxe4 Rhd8 27. Kf2 Rd6 28. Re1 Kf8 29. g3
hxg3+ 30. Kxg3 Re8 31. Rce3 (31. e5 Rd5 32. a5 Rb5 $11) 31... b6 32. e5 Rd7 33.
Rc1 Re6 34. Rc4 f6 $1 {The right time to break white center-black is
well-prepared for it.} 35. a5 fxe5 36. axb6 axb6 37. Rb4 Bf7 38. Rxb6 (38. dxe5
c5 $15) 38... exd4 39. Rxe6 Bxe6 40. Nc5 Rd6 41. Rb8+ {After hard mutual
time-trouble I found myself with a pawn up in this ending. Unfortunately I
have no way to use it.} Kf7 (41... Ke7 42. Rb7+ Kd8 43. Rg7 {[%cal Rc5b7]} Kc8
44. Ne4 $11 {white destroys g5-pawn.}) (41... Kg7 $2 42. Rd8 $1 $18) 42. Rb7+
Kg6 43. Nxe6 Rxe6 44. Rd7 {All arising rook endings are drawn now.} c5 45. Rd5
Re3+ 46. Kf2 Re4 47. Rxc5 Rxg4 48. b4 {It is enough for white to change his
pawn for one of blacks to get a draw.} Rf4+ 49. Kg3 Kh5 50. Rc8 Rg4+ 51. Kf3
Rf4+ 52. Kg3 1/2-1/2

[Event "MK Cafe Cup-A"]
[Site "Koszalin"]
[Date "1999.08.11"]
[Round "8"]
[White "Sapis, Witalis"]
[Black "Skripchenko, Almira"]
[Result "1-0"]
[WhiteElo "2429"]
[BlackElo "2456"]
[Annotator "Tyomkin,D"]
[PlyCount "79"]
[EventDate "1999.08.03"]
[EventType "swiss"]
[EventRounds "9"]
[EventCountry "POL"]
[SourceTitle "CBM 073"]
[Source "ChessBase"]
[SourceDate "1999.12.01"]
[SourceVersion "1"]
[SourceVersionDate "1999.12.01"]
[SourceQuality "1"]

1. d4 d5 2. Bf4 c6 3. e3 Qb6 4. b3 (4. Qc1 Bf5 5. Nd2 e6 6. Ngf3 h6 7. c4 Nf6
8. h3 c5 9. a3 Nbd7 10. b4 cxb4 11. c5 Nxc5 12. dxc5 Bxc5 13. Nb3 Bd6 14. Bxd6
Qxd6 15. Bb5+ Ke7 16. Nbd4 Bh7 17. Qb2 bxa3 18. Rxa3 Rhb8 19. O-O Kf8 20. Rc1
a6 21. Bf1 Nd7 22. Rac3 e5 {1/2-1/2 Kovacevic,S-Kharlov,A/Linares ESP 1999 (22)
}) 4... Bf5 (4... Nf6 5. Bd3 Bg4 6. Ne2 Nbd7 7. O-O e6 8. c4 Be7 9. Nbc3 O-O
10. f3 Bh5 11. Bg3 Bg6 12. c5 Qd8 13. b4 Nh5 14. f4 Bxd3 15. Qxd3 f5 16. Be1 b5
$11 {1-0 Shirov,A-Garcia,J/Oviedo rapid45 1992 (54)}) 5. Bd3 $146 (5. a3 Nf6 6.
c4 e6 7. Nc3 Nbd7 8. c5 Qd8 9. b4 a6 10. h3 Ne4 11. Nxe4 Bxe4 12. Ne2 Be7 13.
Nc3 Bg6 14. Be2 O-O 15. O-O f6 16. Bg4 Bf7 (16... e5 $5 17. Bxd7 Qxd7 18. dxe5
Qf5 19. exf6 Bxf6 $44) 17. Bg3 Re8 18. f4 $14 {1-0 Kovacevic,V-Vukelic,T/Porec
CRO 1998 (52)}) 5... Bg6 6. Ne2 e6 7. O-O Nf6 8. c4 Be7 9. Nbc3 Nh5 $6 (9...
Nbd7 $142) 10. Be5 Nd7 (10... f6 $2 11. Bxb8 Rxb8 12. g4 $18) 11. h3 Bxd3 (
11... Nxe5 12. dxe5 {[%csl Rh5]}) 12. Qxd3 Nhf6 13. Bh2 dxc4 $6 14. bxc4 Qa6 {
That was blacks idea-to put pressure on c4-pawn,but white has a nice
refutation.} 15. a4 $1 O-O (15... Nb6 16. Nb5 $1 {[%csl Ra6]}) 16. Rfb1 Rad8 (
16... Nb6 17. Nb5 {[%cal Rb5c7,Ga4a5]}) 17. Qc2 b6 18. a5 Qb7 19. e4 Ne8 20. e5
$14 {White has achieved a big advantage in space,but black doesn't have
serious weaknesses in her position.} Nc7 21. Qe4 Rb8 22. Bf4 Rfd8 (22... b5 23.
a6 $1) 23. axb6 axb6 24. Qf3 {[%cal Gc3e4]} b5 25. Ne4 {[%cal Gf4g5] White
intends to start an attack on the kingside,but black finds a break via the
center.} c5 $1 26. cxb5 Nxb5 27. N2c3 {The beginning of tactical fight.} Nxd4
28. Nf6+ Bxf6 29. Qxb7 Rxb7 30. Rxb7 Nxe5 31. Kf1 $1 {[%csl Ye2][%cal Gc3e4]
Very smart move,which make some connection in whites position.But,actually,
black should get a draw by accurate play.Elmira creates additional weaknesses
with her next move,but,probably, it doesn't miss a draw too.} (31. Raa7 $6 Ndc6
{[%cal Ge5g6]}) 31... g5 32. Bxe5 Bxe5 33. Ne4 {[%csl Rc5,Rg5]} c4 $4 (33...
Nb5 $1 34. Ra5 (34. Rb1 Nc3 $11) (34. Ra2 Nd6 (34... Nc3 35. Nxc3 Bxc3 36. Raa7
$11) 35. Nxd6 Bxd6 36. Rd2 Kg7 {[%cal Gd8b8]}) 34... Nd6 35. Nxd6 Bxd6 36. Raa7
Rf8 {[%cal Gd6e5,Ge5d4]}) (33... h6 $5 34. Nxc5 $140 $2 (34. Rc1 $142) 34...
Nb3 $1) 34. Nxg5 $18 Nc6 (34... f6 35. Nf7 Rb8 36. Nh6+ Kf8 37. Rxb8+ Bxb8 38.
Ra4 $18) 35. Rc1 $1 {winning another pawn.} Bf4 36. Rxc4 Na5 37. Rxf4 Nxb7 38.
Rxf7 Nc5 (38... h6 39. Rxb7 hxg5 40. Rb5 $18) 39. Rc7 Rd5 40. Rc8+ (40. Rc8+
Kg7 41. Rxc5) 1-0

[Event "POL-ch 54th"]
[Site "Sopot"]
[Date "1997.??.??"]
[Round "4"]
[White "Murdzia, Piotr"]
[Black "Jaracz, Pawel"]
[Result "1-0"]
[WhiteElo "2425"]
[BlackElo "2445"]
[Annotator "Tyomkin,D"]
[PlyCount "77"]
[EventDate "1997.03.18"]
[EventType "tourn"]
[EventRounds "15"]
[EventCountry "POL"]
[EventCategory "9"]
[SourceTitle "CBM 059"]
[Source "ChessBase"]
[SourceDate "1997.08.01"]
[SourceVersion "1"]
[SourceVersionDate "1997.08.01"]
[SourceQuality "1"]

1. d4 d5 2. Bg5 h6 3. Bh4 c6 4. e3 Qb6 5. Qc1 e5 6. Nf3 exd4 7. exd4 Ne7 (7...
Bf5 {Tyomkin,D} 8. Be2 (8. c3 $6 {@} Nd7 9. Be2 Ngf6 10. O-O Bd6 $11 11. c4 $6
(11. Re1 O-O $11) 11... dxc4 12. Nbd2 Bf4 13. Bg3 Bxg3 14. hxg3 O-O 15. Nxc4
Qc7 $15 {[%csl Rd4] Kosic,D-Drazic,S/Wch-stud Sofia 1994/0-1 (66)}) 8... Be7 9.
O-O Bxh4 10. Nxh4 Be6 11. c3 g5 12. Nf3 Nd7 13. Nbd2 Ne7 14. Bd3 g4 15. Nh4 $14
{Fernandes-Blatny/32nd Chess Olympiad, Yerevan 1996/1/2-1/2 (64)}) (7... Be7 {
Tyomkin,D} 8. Bg3 Bf5 $5 (8... Nf6) 9. Bxb8 Rxb8 10. Qf4 Rd8 11. Qxf5 Qxb2 12.
Qd3 Qxa1 13. Qb3 $132 {Miladinovic,I-Timoshchenko,G/EU-chTM 1997/1/2-1/2 (48)})
8. Bd3 Nf5 9. O-O $6 $146 {white sacrifices a pawn with idea to get advantage
in development.But in my opinion this sacrifise is good only for one game} (9.
c3 {Tyomkin,D} Bd6 10. Nbd2 $6 (10. O-O $142) 10... Nxh4 11. Nxh4 Qd8 12. g3
O-O (12... Qe7+ $142 13. Kf1 (13. Kd1 O-O 14. Re1 Qf6 $15) 13... Bh3+ 14. Kg1
$13) 13. O-O Qf6 14. Qc2 $11 {Zichichi,A-Giertz,N/Credis-Meisterturnier 1995/1/
2-1/2(51)}) 9... Nxd4 10. Re1+ Ne6 (10... Be6 $5 11. Nxd4 Qxd4 12. Bg3 Nd7 13.
Bf5 $13) 11. c4 d4 12. Qf4 c5 (12... g5 $2 13. Bxg5 hxg5 $140 14. Nxg5 {
black can not defend "f7"}) (12... Be7 $5 13. Qg4 $13) 13. Nbd2 Nc6 $15 {/-/+}
(13... Bd6 14. Qf5 $36 {[%cal Gd2e4]}) (13... Be7 14. Qg4 (14. Qf5 Bxh4 15.
Nxh4 Nc6 {[%cal Gc6e7]}) 14... g5 15. Bg3 Nc6 {-see a game}) 14. Qg4 g5 15. Bg3
Be7 16. Qe4 Rf8 {[%cal Yf7f5]} (16... Bd7 17. a3 {[%cal Yb2b4]} Qxb2 18. Rab1
Qxa3 19. Rxb7 Qa6 $17) 17. a3 Qxb2 (17... f5 $6 18. Qd5) 18. Rab1 Qc3 (18...
Qxa3 19. Ra1 Qb2 20. Reb1 Qc3 21. Rc1 f5 22. Qe2 Qxc1+ (22... Qb2 23. Rcb1 Qc3
$11) 23. Rxc1 f4 24. Bg6+ Kd8 $15 {/-/+}) 19. Qh7 Kd8 (19... g4 20. Ne4 Qxa3
21. Ra1 Qxd3 22. Nf6+ Bxf6 23. Qxd3 gxf3 24. Qxf3 Be7 $17) 20. Qe4 g4 21. Rec1
Qa5 22. Qxg4 Qxa3 23. Bf5 Qa6 24. Ne4 Nb4 25. Ne5 h5 26. Qh3 Ke8 27. Re1 h4 28.
Bxh4 Rh8 29. Bg6 $8 fxg6 30. Qg3 Bxh4 (30... Rxh4 31. Qxg6+ Kd8 32. Qg8+ (32.
Nf6 Bd6 33. Qe8+ Kc7 34. Qf7+ Kb8 35. Ned7+ Bxd7 36. Nxd7+ Kc8 $17) 32... Nf8
$17) 31. Qxg6+ Kd8 (31... Ke7 $2 32. Nxc5 Qb6 (32... Nxc5 33. Qg7+ Kd6 34. Nf7+
) 33. Qf7+ Kd8 34. Ned7 $1) 32. Nf7+ Kc7 33. Nxh8 Bd7 34. Nf7 Nd3 35. Red1 Ndf4
$4 (35... Qa2 $1 36. Qf5 Bxf2+ $1 $17 37. Nxf2 $140 Qxf2+ 38. Qxf2 Nxf2 39.
Kxf2 Rf8 $19) 36. Qf5 $18 {[%cal Gf5e5]} Rf8 $2 (36... Be7 37. Qe5+ Kc6 38.
Ned6 $1 {[%csl Ra6]} Ne2+ 39. Qxe2 Bxd6 40. Ra1 Qb6 41. Rdb1 $18 {[%cal Ge2e4]}
) 37. Qe5+ $18 Kc8 38. Nfd6+ Kd8 39. g3 (39. Nxb7+ $142 {[%cal Rb7c5]} Ke7 40.
Nbxc5 {[%cal Gb1b7]} Ng6 41. Qd5 $18 Qc6 $140 42. Nxd7) (39. g3 Nh3+ 40. Kg2
Nhf4+ 41. gxf4 Nxf4+ 42. Kh1 Bc6 43. Qxc5 {[%cal Rd6b7]} Ne6 44. Nxb7+ $1 (44.
Qe5 Qa3 45. Qxe6 $4 Qf3+ 46. Kg1 Bxf2+ $19) 44... Bxb7 45. Rxd4+ Ke8 46. Qh5+
Rf7 47. Qxh4 Nxd4 48. Qh8+ Rf8 49. Qxd4) 1-0